Sports Quiz

Random Sports or MLB Quiz
Score 0/10 Timer 03:00
0 Plays Today
On-Base% Player % Correct
.4739Babe Ruth
98.2%
.4817Ted Williams
93.6%
.4328Ty Cobb
86.4%
.4474Lou Gehrig
82.7%
.4443Barry Bonds
82.7%
.4337Rogers Hornsby
68.2%
.4283Jimmie Foxx
63.6%
.4552Billy Hamilton
26.4%
.4657John McGraw
22.7%
.4349Bill Joyce
11.8%
Remove Ads.
Support Sporcle.
Get the best of Sporcle when you Go Orange. This ad-free experience offers more features, more stats, and more fun while also helping to support Sporcle. Thank you for becoming a member.

You're not logged in!

Compare scores with friends on all Sporcle quizzes.
OR
Log In

Sporcle TV

Today on Sporcle TV


Watch our educational content, quiz creation guides, and fun videos on Sporcle TV.

Show Comments

Extras

Top Quizzes Today


Score Distribution

Paid Content

Your Account Isn't Verified!

In order to create a playlist on Sporcle, you need to verify the email address you used during registration. Go to your Sporcle Settings to finish the process.

Report this User

Report this user for behavior that violates our Community Guidelines.

Details: